Formación musical. Fichas de trabajo. 7º curso

Gespeichert in:
Bibliographische Detailangaben
1. Verfasser: Aragües Bernard, Tomás Martínez Beltrán, José María Salado García, Emilio
Format: keine Angabe
Sprache:Spanisch
Erschienen: Madrid Bruño 1989
Katalog:MANES:  Suchergebnis im Bibliothekskatalog
Schulbuchspezifische Eigenschaften:
Tags: Tag hinzufügen
Keine Tags, Fügen Sie den ersten Tag hinzu!
Hinzugefügt zu:26.04.2016

MARC

LEADER 000000000a22000000004500
001 02401
003 OSt
008 160427s sp ||||| |||| 00| 0 spa d
040 |c centro_manes 
041 1 |a spa 
691 7 |a PRI 
100 1 |a Aragües Bernard, Tomás  |9 268  |a Martínez Beltrán, José María  |9 151  |a Salado García, Emilio  |9 141 
245 0 0 |a Formación musical. Fichas de trabajo. 7º curso 
260 3 |a Madrid  |b Bruño  |c 1989 
300 |a 52 p.  |c 26x19 cm 
500 |a Consta de 52 fichas. Fecha de publicación tomada del Depósito Legal 
690 7 |a EA 
942 |2 ddc  |c BK 
546 |a España 
999 |c 8375  |d 8375 
999 |c manes:8375  |d 8375